Maticové modely na meranie výkonnosti produkčných systémov

Základné problémy merania výkonnosti produkčných systémov. Maticové usporiadanie ukazovateľov výkonnosti. Matica ukazovateľov a konštrukcia maticového modelu. Formulácia základných vzťahov v maticovom modeli. Základná matematická analýza. Ekonomická analýza - možnosti aplikácií. Realizácia modelovýc...

ver descrição completa

Na minha lista:
Detalhes bibliográficos
Autor principal: Grell, Michal
Outros Autores: Hyránek, Eduard, 1955-
Formato: Capítulo de Livro
Idioma:eslovaco
Assuntos:
Tags: Adicionar Tag
Sem tags, seja o primeiro a adicionar uma tag!

MARC

LEADER 00000naa a2200000 4500
001 0150657
005 20240605111204.7
041 0 |a slo 
044 |a CZ 
245 1 0 |a Maticové modely na meranie výkonnosti produkčných systémov  |c Michal Grell, Eduard Hyránek 
520 |a Základné problémy merania výkonnosti produkčných systémov. Maticové usporiadanie ukazovateľov výkonnosti. Matica ukazovateľov a konštrukcia maticového modelu. Formulácia základných vzťahov v maticovom modeli. Základná matematická analýza. Ekonomická analýza - možnosti aplikácií. Realizácia modelových výpočtov. Analýza výsledkov riešenia. 
610 2 0 |a modely matematické 
610 2 0 |a modelovanie 
610 2 0 |a analýzy 
610 2 0 |a výkonnosť 
610 2 0 |a ukazovatele výkonnosti 
610 2 0 |a meranie výkonnosti 
610 2 0 |a programovanie lineárne 
610 2 0 |a matice 
100 1 |a Grell, Michal 
700 1 |a Hyránek, Eduard, 1955-